NLSUI OPAC header image

Advanced introduction to social policy / (Record no. 112048)

MARC details
000 -LEADER
fixed length control field 01072cam a22002295i 4500
001 - CONTROL NUMBER
control field 19128536
005 - DATE AND TIME OF LATEST TRANSACTION
control field 20260209085400.0
008 - FIXED-LENGTH DATA ELEMENTS--GENERAL INFORMATION
fixed length control field 160609s2016 enk b 001 0 eng
010 ## - LIBRARY OF CONGRESS CONTROL NUMBER
LC control number 2016944275
020 ## - INTERNATIONAL STANDARD BOOK NUMBER
International Standard Book Number 9781783478026
082 ## - DEWEY DECIMAL CLASSIFICATION NUMBER
Classification number 361.61 BEL
100 1# - MAIN ENTRY--PERSONAL NAME
Personal name Béland, Daniel
245 00 - TITLE STATEMENT
Title Advanced introduction to social policy /
Statement of responsibility, etc. Daniel Béland and Rianne Mahon
264 #1 - PRODUCTION, PUBLICATION, DISTRIBUTION, MANUFACTURE, AND COPYRIGHT NOTICE
Place of production, publication, distribution, manufacture Cheltenham :
Name of producer, publisher, distributor, manufacturer Edward Elgar Publishing,
Date of production, publication, distribution, manufacture, or copyright notice 2016.
300 ## - PHYSICAL DESCRIPTION
Extent ix, 137 p. ;
Dimensions 23 cm.
490 0# - SERIES STATEMENT
Series statement Elgar advanced introductions
505 ## - FORMATTED CONTENTS NOTE
Formatted contents note Introduction 1. Capitalism, Citizenship and Solidarity; 2. Explaining Social Policy Development Theoretical Perspectives; 3. Classifying Countries Reconsidering Welfare Regimes; 4. Taking Ideas Seriously in Social Policy; 5. Social Exclusion, New Social Risks and Social Investment; 6. Changing Gender Norms, Welfare Regime Forms; 7. Social Policy and the Politics of Diversity; 8. Globalisation and Social Policy; Conclusion
650 #0 - SUBJECT ADDED ENTRY--TOPICAL TERM
Topical term or geographic name entry element Social policy.
650 #0 - SUBJECT ADDED ENTRY--TOPICAL TERM
Topical term or geographic name entry element Social problems.
700 ## - ADDED ENTRY--PERSONAL NAME
Personal name Mahon, Rianne
942 ## - ADDED ENTRY ELEMENTS (KOHA)
Source of classification or shelving scheme Dewey Decimal Classification
Koha item type BOOKs
Holdings
Withdrawn status Lost status Damaged status Not for loan Collection code Home library Current library Shelving location Date acquired Total Checkouts Full call number Barcode Date last seen Price effective from Koha item type
          . . General Stacks 05.11.2018   361.61 BEL 35549 05.11.2018 05.11.2018 BOOKs